Bài tập thực hành quản trị tài chính và kế toán quản trị /
Сохранить в:
| Главный автор: | |
|---|---|
| Формат: | Sách giấy |
| Язык: | Vietnamese |
| Опубликовано: |
TP.HCM :
Trường Đại học Mở-Bán công ,
1994
|
| Метки: |
Добавить метку
Нет меток, Требуется 1-ая метка записи!
|
| Thư viện lưu trữ: | Thư viện Trường Đại học Đà Lạt |
|---|
| LEADER | 00633nam a2200241 4500 | ||
|---|---|---|---|
| 001 | DLU020012886 | ||
| 005 | ##6/1/2000 | ||
| 020 | # | # | |a 978- |
| 041 | # | # | |a vie |
| 082 | # | # | |a 658.15 |b NG-Q |
| 100 | # | # | |a Nguyễn Đình Quế |
| 245 | # | # | |a Bài tập thực hành quản trị tài chính và kế toán quản trị / |c Nguyễn Đình Quế |
| 260 | # | # | |a TP.HCM : |b Trường Đại học Mở-Bán công , |c 1994 |
| 300 | # | # | |a 168 tr.; |c 23 cm. |
| 992 | # | # | |a 13200 |
| 994 | # | # | |a DLU |
| 900 | # | # | |a False |
| 911 | # | # | |a Administrator |
| 925 | # | # | |a G |
| 926 | # | # | |a A |
| 927 | # | # | |a SH |
| 980 | # | # | |a Thư viện Trường Đại học Đà Lạt |